A la recherche du temps perdu
Gespeichert in:
| 1. Verfasser: | |
|---|---|
| Format: | Buch |
| Sprache: | Undetermined |
| Veröffentlicht: |
Belgique
Sainte-Catherine
1954
|
| Schlagworte: | |
| Tags: |
Tag hinzufügen
Keine Tags, Fügen Sie den ersten Tag hinzu!
|
MARC
| LEADER | 00000nam a2200000Ia 4500 | ||
|---|---|---|---|
| 008 | 170316s9999 xx 000 0 und d | ||
| 040 | |a cru BVZT | ||
| 090 | |a 840 P-21a v.1 | ||
| 100 | |a Proust, Marcel | ||
| 245 | 2 | |a A la recherche du temps perdu | |
| 260 | |a Belgique | ||
| 260 | |b Sainte-Catherine | ||
| 260 | |c 1954 | ||
| 300 | |a 1003 páginas Tomo I | ||
| 650 | |a LITERATURA FRANCESA | ||
| 999 | |c 7891 |d 7891 | ||
| 942 | |c 15 D |h 840 P-21a v.1 |2 z | ||
